000 00344nam a22001451a 4500
082 _aM301
_bKAK/K
100 _aKakkanadan
245 _aKalappazhakkam/
_cby Kakkanadan
260 _aKollam:
_bSankeerthanam,
_c2010.
300 _a136p.
650 _aStories Malayalam
650 _aLiterature Malayalam
650 _aLiterature
942 _cBK
999 _c22500
_d22500